000 00440nam a2200181Ia 4500
005 20250423094825.0
008 250422s9999 xx 000 0 und d
020 _a9789789422319
050 _aHG 930 .M66/
100 _aMonentary policy department (CBN)
245 0 _aCompendium of monetary policy communiques
260 _aAbuja
260 _bCBN
260 _c2013
300 _a674 p
650 _aMONETARY POLICY
942 _cBK
999 _c28400
_d28400